The coyote / (Record no. 14040)

000 -LEADER
fixed length control field 00619pam a2200193 a 4500
020 ## - INTERNATIONAL STANDARD BOOK NUMBER
ISBN 0875185606
040 ## - CATALOGING SOURCE
Transcribing agency DLC
082 00 - DEWEY DECIMAL CLASSIFICATION NUMBER
Classification number 599 DIL 1993 A057 Or.
100 1# - MAIN ENTRY--AUTHOR NAME
Personal name Samuelson, Mary Lou.
245 14 - TITLE STATEMENT
Title The coyote /
250 ## - EDITION STATEMENT
Edition statement 1st ed.
260 ## - PUBLICATION, DISTRIBUTION, ETC. (IMPRINT)
Place of publication New York :
Name of publisher Dillon Press ;
Place of publication Toronto :
Name of publisher Maxwell Macmillan Canada ;
Place of publication New York :
Name of publisher Maxwell Macmillan International,
Year of publication c1993.
300 ## - PHYSICAL DESCRIPTION
Number of Pages 60 p. :
Other physical details col. ill. ;
Dimensions 23 cm.
520 ## - SUMMARY, ETC.
Summary, etc Describes the physical characteristics, habitat, life cycle, and history of the coyote.
650 #0 - SUBJECT ADDED ENTRY--TOPICAL TERM
Topical Term Coyote
650 #1 - SUBJECT ADDED ENTRY--TOPICAL TERM
Topical Term Coyote.
700 1# - ADDED ENTRY--PERSONAL NAME
Personal name Schlaepfer, Gloria G.
942 ## - ADDED ENTRY ELEMENTS (KOHA)
Koha item type សៀវភៅភាសាអង់គ្លេស
952 ## - LOCATION AND ITEM INFORMATION (KOHA)
Withdrawn status [LOCAL, KOHA] 0
Holdings
Permanent Location Date acquired Koha item type Lost status Shelving location Barcode Current Location Full call number
Library Block A2017-10-05សៀវភៅភាសាអង់គ្លេស A081A12599Library Block A599 MAX 1993 A081 Or.
មជ្ឈមណ្ឌលឯការនៃសាកលវិទ្យាល័យភូមិន្ទកសិកម្មចំការដូង

Powered by Koha